| 000 | 00466nam a22001697a 4500 | ||
|---|---|---|---|
| 008 | 230518b |||||||| |||| 00| 0 eng d | ||
| 020 | _a0-85226-706-1 | ||
| 040 |
_aNational Science Library _cNational Science Library |
||
| 080 |
_a577.4 _bM0 |
||
| 245 | _aManagement of environment | ||
| 260 |
_aNew Delhi: _bWiley Eastern Limited, _c1980 |
||
| 300 | _a578p. | ||
| 650 | _aManagement | ||
| 653 | _aEnvironment | ||
| 700 | _aPatel, B (Ed.) | ||
| 942 |
_2udc _cBK |
||
| 999 |
_c32098 _d32098 |
||